| 000 | 00400nam a22001697a 4500 | ||
|---|---|---|---|
| 005 | 20180809145557.0 | ||
| 008 | 160514b xxu||||| |||| 00| 0 eng d | ||
| 020 | _a81-297-0202-9 | ||
| 041 | _aeng | ||
| 082 |
_b2164 _a658.3 |
||
| 100 |
_aDessler, Gary _94712 |
||
| 245 | _aHuman Resource Management | ||
| 260 |
_bPearsons _c2004 _adelhi |
||
| 300 | _a488p, | ||
| 650 |
_aManagement _9241 |
||
| 942 | _cBK | ||
| 999 |
_c800 _d800 |
||